000 00308nam a2200121 a 4500
005 20140414132053.0
008 110715s19uu xx 00 eng d
050 _aER
_bAr788 1996
100 _aBrown, Marc
245 _aArthur's reading race.
260 _aNew York :
_bRandom House,
_c1996.
999 _c114233
_d114233